00652nam a2200181Ia 4500952015100000999001700151003000400168005001700172008004100189040000900230082002100239100002800260245005800288260004800346300000900394650001900403942004800422 00102ddc40708COMMERCEaMESbMEScCOMMd2019-02-20g22.00l1m3o382.09548 DAS/Mp2096r2025-07-05 10:37:41s2025-03-15w2019-02-20yBKzGL52R4 c18709d18709OSt20211122113351.0190216s9999||||xx |||||||||||||| ||und|| coclc a382.09548bDAS/M aGupta, Ashin Das 92706 0aMalabar In Asian Trade 1740 - 1800 /cAshin Das Gupta bCambridge University Press,c1967.aLondon: a204p aIndian History cBK2ddch382.09548iDAS/Mk382.09548mDAS/M